Capital City by Country Letter (Easy Version) - Statistics

General Stats
  • This quiz has been taken 61 times
  • The average score is 21 of 24
Answer Stats
Letter Country Capital % Correct
C China Beijing
98%
G Germany Berlin
95%
E Egypt Cairo
95%
F France Paris
95%
A Australia Canberra
93%
D Denmark Copenhagen
93%
M Mexico Mexico City
93%
I Italy Rome
93%
N Netherlands Amsterdam
91%
B Brazil Brasilia
91%
H Hungary Budapest
91%
U United Kingdom London
91%
S Spain Madrid
91%
R Russia Moscow
89%
J Japan Tokyo
89%
P Poland Warsaw
86%
T Turkey Ankara
84%
L Luxembourg Luxembourg
84%
V Vietnam Hanoi
82%
K Kenya Nairobi
77%
Q Qatar Doha
73%
Y Yemen Sana'a
68%
O Oman Muscat
64%
Z Zambia Lusaka
45%
No matching quizzes found
Score Distribution
Percent of People with Each Score
Percentile by Number Answered
Your Score History
You have not taken this quiz